LEADER 01164nam a2200301 i 4500 001 991001689669707536 008 060614s2005 gw b 001 0 eng d 020 $a3540282084 035 $ab13411731-39ule_inst 084 $aLC QB351 084 $a52.9.523 245 00$aChaos and stability in planetary systems /$cR. Dvorak, F. Freistetter, J. Kurths (eds.) 260 $aBerlin ;$aNew York :$bSpringer,$c2005 300 $ax, 279 p. :$bill. (some col.) ;$c25 cm 440 0$aLecture notes in physics,$x0075-8450 ;$v683 504 $aIncludes bibliographical references and index 650 0$aCelestial mechanics 650 0$aPlanets$xOrbits 650 0$aExtrasolar planets 700 1 $aDvorak, R. 700 1 $aFreistetter, Florian$eauthor$4http://id.loc.gov/vocabulary/relators/aut$0291869 700 1 $aKurths, J. 907 $a.b13411731$b21-09-06$c14-06-06 912 $a991001689669707536 945 $aLE006 52.9.52 DVO$g1$i2006000157520$lle006$op$pE69.95$q-$rl$s- $t0$u0$v0$w0$x0$y.i14252089$z14-06-06 996 $aChaos and stability in planetary systems$91462186 997 $aUNISALENTO 998 $ale006$b14-06-06$cm$da $e-$fita$git $h0$i0 LEADER 01925nam 2200529 450 001 9910825669403321 005 20230803021943.0 010 $a0-8032-4829-6 035 $a(CKB)2550000001130746 035 $a(OCoLC)860923099 035 $a(CaPaEBR)ebrary10782956 035 $a(SSID)ssj0001001467 035 $a(PQKBManifestationID)11614256 035 $a(PQKBTitleCode)TC0001001467 035 $a(PQKBWorkID)10966532 035 $a(PQKB)10253924 035 $a(MiAaPQ)EBC1477351 035 $a(MdBmJHUP)muse27744 035 $a(Au-PeEL)EBL1477351 035 $a(CaPaEBR)ebr10782956 035 $a(CaONFJC)MIL530557 035 $a(OCoLC)861081467 035 $a(EXLCZ)992550000001130746 100 $a20130607h20132013 uy| 0 101 0 $aeng 135 $aurcnu|||||||| 181 $ctxt 182 $cc 183 $acr 200 10$aAgainst autobiography $eAlbert Memmi and the production of theory /$fLia Nicole Brozgal 210 1$aLincoln :$cUniversity of Nebraska Press,$d[2013] 210 4$dİ2013 215 $a1 online resource (252 p.) 300 $aBibliographic Level Mode of Issuance: Monograph 311 $a0-8032-4042-2 311 $a1-299-99306-0 320 $aIncludes bibliographical references and index. 327 $aOf authors and archives: Albert Memmi's francophone postcolonial -- Writing back to whom? novel strategies of ambiguity and the "mark of the plural" -- Writing without seeing: the enigmas of Memmi's "denigration of vision" -- From colonizer and colonized to decolonization and the decolonized: texts, contexts, paratexts -- Continuations: Albert Memmi in the post-francophone world. 676 $a843/.914 700 $aBrozgal$b Lia Nicole$f1972-$01660869 801 0$bMiAaPQ 801 1$bMiAaPQ 801 2$bMiAaPQ 906 $aBOOK 912 $a9910825669403321 996 $aAgainst autobiography$94016407 997 $aUNINA LEADER 01384nas 2200433-a 450 001 996215847803316 005 20240113213019.0 011 $a2326-3075 035 $a(DE-599)ZDB2097637-9 035 $a(OCoLC)51205596 035 $a(CKB)991042726112518 035 $a(CONSER)--2002227370 035 $a(EXLCZ)99991042726112518 100 $a20021211b19751980 --- a 101 0 $aeng 135 $auran||||||||| 181 $ctxt$2rdacontent 182 $cc$2rdamedia 183 $acr$2rdacarrier 200 10$aASA review of books 210 $aWaltham, Mass. $cAfrican Studies Association$d1975-1980 300 $aTitle from title screen (viewed December 12, 2002). 300 $aPlace of publication: Los Angeles, Calif., 1980. 311 $a0364-1686 517 3 $aAfrican Studies Association review of books 607 $aAfrica$vBook reviews$vPeriodicals 607 $aAfrica$2fast$1https://id.oclc.org/worldcat/entity/E39PBJkHrMyfHC67yqRTycbrv3 608 $aLiteratura afryka?ska.$2dbn 608 $aCzasopismo literaturoznawcze.$2dbn 608 $aBook reviews.$2fast 608 $aPeriodicals.$2fast 608 $aPeriodicals.$2lcgft 610 $aBibliography - General 676 $a960 712 02$aAfrican Studies Association. 906 $aJOURNAL 912 $a996215847803316 996 $aASA review of books$91894828 997 $aUNISA